000 00392nam a2200157Ia 4500
008 230917s9999||||xx |||||||||||||| ||und||
040 _e118857
_aMAIN
041 _aEnglish
082 _a658.3 M311D
100 _aManoria
245 0 _aDynamics of industrial relations
250 _a15th ed.
260 _aNew Delhi
_bHimalaya Publishing House
_c2005
300 _a793p. p.
942 _cBK
999 _c130063
_d130063